Moc a kouzlo manažerské diverzity

Problémy interkultúrnej komunikácie. Interkultúrna kompetencia a jej rozvoj. Kultúrna reflexia a interkultúrne učenie. Diverzita prináša ekonomický efekt. Kultúrna identita verzus stereotypy. Rozhodujúce rozdiely - česko-nemecký príklad.

Guardado en:
Detalles Bibliográficos
Autor principal: Nový, Ivan
Formato: Capítulo de libro
Lenguaje:checo
Materias:
Etiquetas: Agregar Etiqueta
Sin Etiquetas, Sea el primero en etiquetar este registro!

MARC

LEADER 00000naa$a2200000$$$4500
001 0095591
005 20231019115007.3
041 0 |a cze 
044 |a CZ 
245 1 0 |a Moc a kouzlo manažerské diverzity  |c Ivan Nový 
520 |a Problémy interkultúrnej komunikácie. Interkultúrna kompetencia a jej rozvoj. Kultúrna reflexia a interkultúrne učenie. Diverzita prináša ekonomický efekt. Kultúrna identita verzus stereotypy. Rozhodujúce rozdiely - česko-nemecký príklad. 
610 2 0 |a manažment 
610 2 0 |a komunikácia manažérska 
610 2 0 |a komunikácia multikultúrna 
100 1 |a Nový, Ivan